Workshop for Balkan authors and translators : conference minutes, Alexandroupolis, 29-30 August, 1998
Αποθηκεύτηκε σε:
| Συλλογικό Έργο: | , |
|---|---|
| Μορφή: | Βιβλίο |
| Γλώσσα: | English |
| Δημοσίευση: |
Athens :
Εθνικό Κέντρο Βιβλίου,
1999.
|
| Θέματα: | |
| Ετικέτες: |
Προσθήκη ετικέτας
Δεν υπάρχουν, Καταχωρήστε ετικέτα πρώτοι!
|
MARC
| LEADER | 00000cam a2200000 i 4500 | ||
|---|---|---|---|
| 001 | 1/10763 | ||
| 008 | 000905s1999 eng d | ||
| 020 | |a 960-7894-23-5 | ||
| 035 | |l 10063563 | ||
| 040 | |a GR-MY-UA |b gre |e aacr | ||
| 041 | 0 | |a eng | |
| 082 | 0 | |a 949.6 | |
| 245 | 0 | 0 | |a Workshop for Balkan authors and translators : |b conference minutes, Alexandroupolis, 29-30 August, 1998 / |c National Book Centre of Greece, Ministry of Culture, Prefecture of Evros - Municipality of Alexandroupolis |
| 260 | |a Athens : |b Εθνικό Κέντρο Βιβλίου, |c 1999. | ||
| 300 | |a 90 p.; |c 28 cm | ||
| 505 | 0 | |a Literary reality in the Balkans Determining conditions and factors, The Balkans: literary crossroads and parallel paths, Balkan literature: open to the four points of the horizon | |
| 651 | 0 | |a Balkan Peninsula |x Literatures. | |
| 651 | 0 | |a Balkan Peninsula |x Civilization. | |
| 710 | 2 | |a Εθνικό Κέντρο Βιβλίου. | |
| 710 | 2 | |a Υπουργείο Πολιτισμού. | |
| 852 | |a INST |b CHIOS |e 20001025 |h 949.6 WOR |p 005200018309 |q 005200018309 |t BK |y 0 | ||
| 852 | |a INST |b CHIOS |e 20000905 |h 949.6 WOR |p 005200018321 |q 005200018321 |t BK |y 0 | ||
| 901 | |a BIBL2-2000-3 | ||
| 970 | |z 2000/08/ΣΟΦΙΑ | ||